| 000 | 00818nam a2200205 a 4500 | ||
|---|---|---|---|
| 005 | 20210223130619.0 | ||
| 008 | 080922s1978 mx r 000 0 spa d | ||
| 035 | _aUPN01000159907 | ||
| 049 | _aUNE | ||
| 080 | _a377.001. 6 (82) WIN | ||
| 100 | 1 | _aWiñar, David | |
| 245 | 1 | 0 |
_aEstudio de cambios e innovaciones en la educación técnica y la formación profesional en América Latina y el Caribe : _bRepública de Argentina / _cDavid Wiñar. |
| 260 |
_aSantiago de Chile : _bOREALC, _c1978. |
||
| 300 |
_a44 p. ; _bcuadr. |
||
| 500 | _aIncluye bibliografía | ||
| 690 | _aEnseñanza tecnica- Metas de la educacion- Argentina | ||
| 690 | _aFormacion profesional- Enseñanza tecnica- Argentina | ||
| 710 | 2 |
_aOficina Regional de Educación de la UNESCO para América Latina y el Caribe _929723 |
|
| 905 | _aUNESCO | ||
| 999 |
_c132021 _d132021 |
||